Maharshi Dayanand Saraswati (Record no. 394332)

MARC details
000 -LEADER
fixed length control field 00537 a2200205 4500
005 - DATE & TIME
control field 20260514122111.0
008 - FIXED-LENGTH DATA ELEMENTS--GENERAL INFORMATION
fixed length control field 260514b |||||||| |||| 00| 0 eng d
020 ## - ISBN
International Standard Book Number 9789393175076
Price Rs. 550.00
040 ## - CATALOGING SOURCE
Original cataloging agency VIVEKANANDA LIBRARY
082 ## - DDC NUMBER
Classification number 294.5563
Book Number D33S:M
100 ## - MAIN ENTRY--PERSONAL NAME
Personal name Sharma, Paviter Kumar
245 ## - TITLE STATEMENT
Title Maharshi Dayanand Saraswati
250 ## - EDITION STATEMENT
Edition statement Latest edition
260 ## - PUBLICATION, DISTRIBUTION, ETC. (IMPRINT)
Name of publisher, distributor, etc Neelgri Prakashan
Date of publication, distribution, etc 2023
Place of publication, distribution, etc New Delhi
300 ## - PHYSICAL DESCRIPTION
Pages 175
650 ## - Subject
Subject Religion
650 ## - Subject
Subject Hindu Reformers
650 ## - Subject
Subject Dayananda Saraswati-India
942 ## - ADDED ENTRY ELEMENTS (KOHA)
Koha item type Books
Holdings
Withdrawn status Lost status Source of classification or shelving scheme Damaged status Not for loan Location (home branch) Sublocation or collection (holding branch) Shelving location Date acquired Koha issues (times borrowed) Koha full call number Accession No. Koha date last seen Koha item type
    Dewey Decimal Classification     VIVEKANANDA LIBRARY VIVEKANANDA LIBRARY Vivekananda Library 13/01/2026   294.5563 D33S:M 444367 13/01/2026 Books
© Designed and Maintained by Vivekananda Library, MDU Rohtak